Hosea-Jonah / (Record no. 2497)
[ view plain ]
| 000 -LEADER | |
|---|---|
| fixed length control field | 01441cam a2200409Ia 4500 |
| 001 - CONTROL NUMBER | |
| control field | 11791 |
| 003 - CONTROL NUMBER IDENTIFIER | |
| control field | GBCCL |
| 005 - DATE AND TIME OF LATEST TRANSACTION | |
| control field | 20241126110430.0 |
| 008 - FIXED-LENGTH DATA ELEMENTS--GENERAL INFORMATION | |
| fixed length control field | 880112s1987 txu b 00110 eng d |
| 020 ## - INTERNATIONAL STANDARD BOOK NUMBER | |
| International Standard Book Number | 0849907896 |
| 035 ## - SYSTEM CONTROL NUMBER | |
| System control number | OCM17338368 |
| 040 ## - CATALOGING SOURCE | |
| Original cataloging agency | TDL |
| Transcribing agency | TDL |
| Modifying agency | LBB |
| 049 ## - | |
| -- | LBBK |
| -- | LBBQ |
| -- | LBBU |
| -- | LBBT |
| -- | LBBA |
| -- | 1-2 |
| -- | LBBC |
| 082 ## - DEWEY DECIMAL CLASSIFICATION NUMBER | |
| Classification number | 224.9077 |
| Item number | STU |
| 090 ## - LOCALLY ASSIGNED LC-TYPE CALL NUMBER (OCLC); LOCAL CALL NUMBER (RLIN) | |
| Classification number (OCLC) (R) ; Classification number, CALL (RLIN) (NR) | BS491.2 |
| Local cutter number (OCLC) ; Book number/undivided call number, CALL (RLIN) | .W67 v.31 |
| 092 ## - LOCALLY ASSIGNED DEWEY CALL NUMBER (OCLC) | |
| Classification number | 224.6077 |
| Item number | S929 |
| 100 1# - MAIN ENTRY--PERSONAL NAME | |
| Personal name | Stuart, Douglas K. |
| 9 (RLIN) | 734 |
| 245 10 - TITLE STATEMENT | |
| Title | Hosea-Jonah / |
| Statement of responsibility, etc. | Douglas Stuart. |
| 260 ## - PUBLICATION, DISTRIBUTION, ETC. | |
| Place of publication, distribution, etc. | Waco, Tex. : |
| Name of publisher, distributor, etc. | Word Books, |
| Date of publication, distribution, etc. | c1989. |
| 300 ## - PHYSICAL DESCRIPTION | |
| Extent | xlv, 537 p. ; |
| Dimensions | 24 cm. |
| 440 #0 - SERIES STATEMENT/ADDED ENTRY--TITLE | |
| Title | Word biblical Themes ; |
| 9 (RLIN) | 15893 |
| 500 ## - GENERAL NOTE | |
| General note | Includes author's translation of Biblical text. |
| 504 ## - BIBLIOGRAPHY, ETC. NOTE | |
| Bibliography, etc. note | Includes bibliography, index |
| 630 00 - SUBJECT ADDED ENTRY--UNIFORM TITLE | |
| Uniform title | Bible. |
| Name of part/section of a work | O.T. |
| -- | Hosea |
| 9 (RLIN) | 15894 |
| 630 00 - SUBJECT ADDED ENTRY--UNIFORM TITLE | |
| Uniform title | Bible. |
| Name of part/section of a work | O.T. |
| -- | Joel |
| 9 (RLIN) | 15895 |
| 630 00 - SUBJECT ADDED ENTRY--UNIFORM TITLE | |
| Uniform title | Bible. |
| Name of part/section of a work | O.T. |
| -- | Amos |
| 9 (RLIN) | 15896 |
| 630 00 - SUBJECT ADDED ENTRY--UNIFORM TITLE | |
| Uniform title | Bible. |
| Name of part/section of a work | O.T. |
| -- | Obadiah |
| 9 (RLIN) | 15897 |
| 630 00 - SUBJECT ADDED ENTRY--UNIFORM TITLE | |
| Uniform title | Bible. |
| Name of part/section of a work | O.T. |
| -- | Jonah |
| 9 (RLIN) | 15898 |
| 630 00 - SUBJECT ADDED ENTRY--UNIFORM TITLE | |
| Uniform title | Bible |
| Name of part/section of a work | O.T. |
| -- | Minor Prophets |
| 9 (RLIN) | 15899 |
| 650 ## - SUBJECT ADDED ENTRY--TOPICAL TERM | |
| Source of heading or term | Bible OT |
| Topical term or geographic name entry element | Criticism, interpretation,etc. |
| 9 (RLIN) | 15900 |
| 730 02 - | |
| -- | Bible. |
| -- | O.T. |
| -- | Hosea. |
| -- | English. |
| -- | Stuart. |
| -- | 1987. |
| -- | 5197 |
| 730 02 - | |
| -- | Bible. |
| -- | O.T. |
| -- | Joel. |
| -- | English. |
| -- | Stuart. |
| -- | 1987. |
| -- | 5198 |
| 730 02 - | |
| -- | Bible. |
| -- | O.T. |
| -- | Amos. |
| -- | English. |
| -- | Stuart. |
| -- | 1987. |
| -- | 5199 |
| 730 02 - | |
| -- | Bible. |
| -- | O.T. |
| -- | Obadiah. |
| -- | English. |
| -- | Stuart. |
| -- | 1987. |
| -- | 5200 |
| 730 02 - | |
| -- | Bible. |
| -- | O.T. |
| -- | Jonah. |
| -- | English. |
| -- | Stuart. |
| -- | 1987. |
| -- | 5201 |
| 942 ## - ADDED ENTRY ELEMENTS (KOHA) | |
| Source of classification or shelving scheme | Dewey Decimal Classification |
| Koha item type | Books |
| Koha issues (borrowed), all copies | 22 |
| Withdrawn status | Lost status | Source of classification or shelving scheme | Damaged status | Not for loan | Home library | Current Library | Shelving location | Date acquired | Total checkouts | Full call number | Barcode | Date last seen | Date last checked out | Copy number | Price effective from | Koha item type |
|---|---|---|---|---|---|---|---|---|---|---|---|---|---|---|---|---|
| Dewey Decimal Classification | GRACE BIBLE COLLEGE | GRACE BIBLE COLLEGE | Biblical Studies | 2017-08-21 | 24 | 224.9077 STU | 005959 | 2025-10-03 | 2025-09-26 | c.1 | 2017-08-21 | Books |